| 000 | 00863cab a2200253 4500 | ||
|---|---|---|---|
| 001 | WB3322-09 | ||
| 008 | 090401t1997 xxu||||| |||| 00| 0 eng d | ||
| 035 | _a(Sirsi) u78733 | ||
| 041 | _aeng | ||
| 245 | _aCouncil tendering rules are relaxed | ||
| 260 | _c1997 | ||
| 350 | _a0 | ||
| 490 |
_aTimes _v3 June 1997, 12 |
||
| 490 |
_aDaily Telegraph _v3 June 1997, 10 |
||
| 490 |
_aFinancial Times _v4 June 1997, 9(2) |
||
| 520 | _aNew rules for compulsory competitive tendering are to be introduced in the Summer, the review of the CCT is to be the first step in replacing it with a legal duty to ensure best value for the public. | ||
| 650 | _aCCT | ||
| 650 | _aCOMPULSORY COMPETITIVE TENDERING | ||
| 650 | _aLOCAL AUTHORITIES | ||
| 650 | _aPUBLIC FINANCE | ||
| 690 | _aPROPERTY-PROPERTY FINANCE AND INVESTMENT | ||
| 942 | _n0 | ||
| 948 | _c04/06/1997 | ||
| 999 |
_c49494 _d49494 |
||